Estadísticas para Mapa de Canadá

Haz click aquí para intentar la prueba.

Estadísticas generales

  • Esta prueba ha sido intentada 4.494 veces
  • La puntuación promedio es 7 de 13

Respuestas en el mapa

Las respuestas están codificadas por una escala verde-roja en el mapa de la prueba según el % correcto abajo.
 

Estadísticas de respuestas

Respuesta% Correcto
Quebec
78%
Isla del Príncipe Eduardo
70%
Ontario
69%
Columbia Británica
65%
Alberta
60%
Territorios del Noroeste
60%
Terranova y Labrador
57%
Manitoba
47%
Nueva Escocia
47%
Nunavut
46%
Yukón
46%
Nuevo Brunswick
44%
Saskatchewan
44%

Distribución de puntuación

Porcentaje por número respondido

Porcentaje de gente con cada puntuación

Historial de tus puntuaciones

No has intentado esta prueba.